000 00277nam a2200121Ia 4500
008 190216s9999||||xx |||||||||||||| ||und||
100 _aFinar I L
245 0 _aOrganic Chemistry Vol 2
260 _bLongmans
_c1987
300 _a942p
650 _aOrganic Chemistry
942 _cBK
999 _c2506
_d2506